Konštrukcia systémov zlepšujúcich hospodárnosť, ekologické parametre a dynamické vlastnosti (Design of improving systems for economic effi-ciency, ecological parameters and dynamic proper-ties of vehicles) [CD-ROM] : Bakalárska práca
Salvato in:
| Autore principale: | |
|---|---|
| Altri autori: | |
| Natura: | Manoscritto Libro |
| Lingua: | slovacco |
| Pubblicazione: |
Bratislava :
STU v Bratislave SjF,
2009
|
| Edizione: | 1.vyd. |
| Soggetti: | |
| Tags: |
Nessun Tag, puoi essere il primo ad aggiungerne!!
|
MARC
| LEADER | 00000ntm a22000003a 4500 | ||
|---|---|---|---|
| 001 | stu202509 | ||
| 005 | 20150617230108.6 | ||
| 008 | 100420s2009----xo------------------slo-d | ||
| 040 | |a STU |b slo | ||
| 041 | 0 | |a slo | |
| 044 | |a xo | ||
| 100 | 1 | |a Beňa, Andrej, |d 1986- |4 aut |u J0030 |9 100 |U SjF Strojnícka fakulta |T SjF Ústav dopravnej techniky a konštruovania |X 41368 |U J0030 |Y 806 |7 A000041368 | |
| 245 | 1 | |a Konštrukcia systémov zlepšujúcich hospodárnosť, ekologické parametre a dynamické vlastnosti (Design of improving systems for economic effi-ciency, ecological parameters and dynamic proper-ties of vehicles) [CD-ROM] : |b Bakalárska práca | |
| 250 | |a 1.vyd. | ||
| 260 | |a Bratislava : |b STU v Bratislave SjF, |c 2009 | ||
| 300 | |a 68 s | ||
| 650 | 7 | |a hybridné vozidlá |2 stusub | |
| 650 | 7 | |a hybrid vehicles |2 estusub | |
| 700 | 1 | |a Danko, Ján, |d 1979- |4 xxx |u J0030 |U SjF Strojnícka fakulta |T SjF Ústav dopravnej techniky a konštruovania |X 3691 |U J0030 |Y 806 |7 A000003691 | |
| 996 | |b 284J035742 |c J*355/BP |l JJSK |s A |a 24 |w stu202509_0001 | ||